000 00896cam a2200313 a 4500
999 _c9277
_d9277
001 9277
003 BD-JhCC
005 20180527125555.0
008 971224s1998 txua 001 0 eng
020 _a0030062284
035 _a(BD-JhCC)9277
040 _aDLC
_cDLC
_dDLC
_dBD-JhCC
041 _aeng
050 0 0 _aQB45
_b.Z43 1998
082 0 0 _a520
_221
_bZEI 1998
100 1 _aZeilik, Michael.
245 1 0 _aIntroductory astronomy & astrophysics /
_cMichael Zeilik, Elske V. P. Smith
246 3 _aIntroductory astronomy and astrophysics
250 _a2nd ed.
260 _aFort Worth :
_bSaunders College Pub.,
_cc1998.
300 _a1 v. (various pagings) :
_bill. ;
_c26 cm.
490 0 _aSaunders golden sunburst series
500 _aIncludes index.
650 0 _aAstronomy.
650 0 _aAstrophysics.
700 1 _aSmith, Elske V. P.
942 _2ddc
_cBK